Design through verilog HDL (Record no. 182889)

000 -LEADER
fixed length control field 00378nam a2200133Ia 4500
008 - FIXED-LENGTH DATA ELEMENTS--GENERAL INFORMATION
fixed length control field 220217s9999||||xx |||||||||||||| ||und||
020 ## - INTERNATIONAL STANDARD BOOK NUMBER
International Standard Book Number 9788126519316
082 ## - DEWEY DECIMAL CLASSIFICATION NUMBER
Classification number 621.392 PAD
100 ## - MAIN ENTRY--PERSONAL NAME
Personal name Padmanabhan, T.R and Sundari, Bala, S.T
9 (RLIN) 8165
245 #0 - TITLE STATEMENT
Title Design through verilog HDL
260 ## - PUBLICATION, DISTRIBUTION, ETC.
Place of publication, distribution, etc. Wiley india
Name of publisher, distributor, etc. New Delhi
Date of publication, distribution, etc. 2010
300 ## - PHYSICAL DESCRIPTION
Extent XII, 455p.
Other physical details 399
650 ## - SUBJECT ADDED ENTRY--TOPICAL TERM
Topical term or geographic name entry element VHDL
Holdings
Withdrawn status Lost status Damaged status Not for loan Collection code Home library Current library Shelving location Date acquired Full call number Barcode Date last seen Price effective from Koha item type
        Electronics and Communication Engineering Central Library Central Library Book Cart 02/18/2022 621.392 PAD 18078 02/18/2022 02/18/2022 Books

Powered by Koha